| 000 | 01645nam a22002777a 4500 | ||
|---|---|---|---|
| 001 | 7221 | ||
| 003 | FISKH | ||
| 005 | 20250703091528.0 | ||
| 008 | 250703b cb ||||| |||| 00| 0 eng d | ||
| 020 | _a9789350895535 | ||
| 040 |
_aFISKH _beng _cFISKH _dFISKH |
||
| 050 | _aPZ7 | ||
| 082 | _a823 | ||
| 100 | _aDelahaye, Gilbert | ||
| 245 |
_aMartine and the hot-air balloon / _cGilbert Delahaye ; Marcel Marlier |
||
| 260 |
_aNew Delhi, _bDreamland Publications ; _c2013. |
||
| 300 |
_a20 pages : _bcolor illustrations ; _c28 cm |
||
| 505 | _aL | ||
| 520 | _aYoung Martine and her brother Jean (or cousin Yann in the French original) are thrilled when their Uncle Harry, a hot‑air balloon pilot, invites them to join his Sunday balloon race. They eagerly climb aboard, and the balloon ascends over charming countryside scenes—windmills, forests, farms—as they float gracefully higher and higher. As they drift through the sky, Martine’s wonder grows. The siblings marvel at the changing landscapes and feel the thrill of the gentle breeze. The illustrations by Marcel Marlier beautifully capture their excitement and the serene aerial views. Ultimately, Uncle Harry pilots them safely to a landing on a sandy beach. The balloon touches down successfully, and their family celebrates: Uncle Harry wins the race, and Martine and Jean beam with pride and joy at their adventurous outing. | ||
| 521 | 8 |
_a510
_bLexile estimate |
|
| 521 | 8 |
_aL
_bRaz-Plus |
|
| 650 |
_aPicture Book _vFrench Literature _xImagination _yAdventure |
||
| 700 |
_aMarlier, Marcel _eillustrator |
||
| 942 |
_2ddc _cBK _n0 |
||
| 999 |
_c7221 _d7221 |
||